Score 0/20 Timer 04:00
1 Play Today
Hint Answer % Correct
The Fresh ____ of Bel-AirPrince
98.7%
The Cosby ____Show
98.1%
Saved by the ____Bell
97.6%
30 ____Rock
95.2%
3rd Rock from the ____Sun
94.5%
Mad ____ YouAbout
92.5%
_____ TiesFamily
91.1%
I _____ of JeannieDream
90.2%
Sanford and _____Son
89.1%
My Name is _____Earl
86.8%
Hint Answer % Correct
The _____ GirlsGolden
86.8%
____ Shoot Me!Just
84.2%
Bosom _____Buddies
77.1%
Caroline in the ____City
68.5%
The ____ of LifeFacts
63.4%
Night ____Court
62.6%
_____ NestEmpty
59.1%
The _____ Larroquette ShowJohn
57.5%
____ and the ManChico
45.7%
A _____ WorldDifferent
44.1%

Today's Daily Dose

You're not logged in!

Compare scores with friends on all Sporcle quizzes.
OR
Log In

Sporcle TV

Today on Sporcle TV


Watch our educational content, quiz creation guides, and fun videos on Sporcle TV.

Show Comments

Extras

Top Quizzes Today


Score Distribution

Your Account Isn't Verified!

In order to create a playlist on Sporcle, you need to verify the email address you used during registration. Go to your Sporcle Settings to finish the process.

Report this User

Report this user for behavior that violates our Community Guidelines.

Details: